[Event "BPB Limburg open"]
[Site "Maastricht"]
[Date "2015.05.25"]
[Round "6"]
[White "Beeke, Bobby"]
[Black "Gramb, Marius"]
[Result "1-0"]
[WhiteElo "2250"]
[BlackElo "2045"]
[PlyCount "131"]
[EventDate "2015.05.22"]
[EventType "swiss"]
[EventRounds "7"]
[EventCountry "NED"]
[Source "P.Boonen"]
[SourceDate "2015.10.01"]

1. Nf3 Nf6 2. g3 e6 3. Bg2 g6 4. O-O Bg7 5. c4 d5 6. d4 O-O 7. Nc3 b6 8. Ne5
Bb7 9. Bf4 Nh5 10. cxd5 Nxf4 11. gxf4 exd5 12. Rc1 f6 13. Nd3 Kh8 14. b4 a6 15.
a4 c6 16. Qb3 Qd6 17. b5 axb5 18. axb5 Ra3 19. Qb4 Qxb4 20. Nxb4 cxb5 21. Nxb5
Ra4 22. Rb1 Rd8 23. Nc3 Ra5 24. Rfc1 Bf8 25. e3 f5 26. Nd3 Nd7 27. Ne5 Kg8 28.
Rb3 Bd6 29. Nxd7 Rxd7 30. Rxb6 Kg7 31. Rcb1 Ba8 32. Bf3 Bc7 33. R6b5 Kf6 34.
Rxa5 Bxa5 35. Na4 Bc6 36. Nc5 Rd6 37. Rb8 Bc7 38. Rf8+ Kg7 39. Rc8 Bb6 40. Nd3
Bd7 41. Rb8 Be6 42. Rb7+ Kh8 43. Ne5 Bd8 44. Kg2 Kg8 45. Kg3 Bf6 46. Nd3 Bd8
47. Kg2 Bb6 48. Re7 Kh8 49. Ne5 Bg8 50. Kf1 Bd8 51. Ra7 Bb6 52. Rb7 Be6 53. Ke2
Bd8 54. Kd3 Bh4 55. Ke2 Bd8 56. Rb5 Kg7 57. Kf1 h6 58. Kg2 g5 59. Kg3 g4 60.
Bd1 h5 61. f3 Bf6 62. Bb3 h4+ 63. Kg2 Kh6 64. fxg4 fxg4 65. f5 Bxf5 66. Nf7+
1-0

[Event "BPB Limburg open"]
[Site "Maastricht"]
[Date "2015.05.25"]
[Round "6"]
[White "Beukema, Stefan"]
[Black "Goudriaan, Etienne"]
[Result "1/2-1/2"]
[WhiteElo "2347"]
[BlackElo "2372"]
[PlyCount "67"]
[EventDate "2015.05.22"]
[EventType "swiss"]
[EventRounds "7"]
[EventCountry "NED"]
[Source "P.Boonen"]
[SourceDate "2015.10.01"]

1. e4 c5 2. Nf3 d6 3. d4 cxd4 4. Qxd4 a6 5. c4 e5 6. Qd1 h6 7. Be2 Nf6 8. Nc3
Be7 9. O-O O-O 10. h3 Be6 11. Be3 Nbd7 12. Rc1 Rc8 13. Nd2 Nh7 14. Bg4 Bg5 15.
Bxe6 fxe6 16. Qe2 Qe7 17. Rfd1 Rf7 18. Nf1 Nb8 19. Qd3 Rd8 20. c5 Bxe3 21. Nxe3
Qh4 22. cxd6 Nc6 23. Ne2 Ng5 24. Ng3 Nd4 25. Nc4 Ndf3+ 26. Kf1 b5 27. Nb6 Nd4
28. d7 Nxh3 29. gxh3 Qxh3+ 30. Ke1 Nf3+ 31. Ke2 Nd4+ 32. Ke1 Nf3+ 33. Ke2 Nd4+
34. Ke1 1/2-1/2

[Event "BPB Limburg open"]
[Site "Maastricht"]
[Date "2015.05.25"]
[Round "6"]
[White "Bezemer, Arno"]
[Black "Vanhuyse, Nele"]
[Result "1-0"]
[WhiteElo "2292"]
[BlackElo "2035"]
[PlyCount "57"]
[EventDate "2015.05.22"]
[EventType "swiss"]
[EventRounds "7"]
[EventCountry "NED"]
[Source "P.Boonen"]
[SourceDate "2015.10.01"]

1. e4 c5 2. Nf3 e6 3. d4 cxd4 4. Nxd4 Nc6 5. Nc3 Qc7 6. Be3 a6 7. Qf3 Nf6 8.
Nxc6 bxc6 9. Qg3 Qa5 10. Bd3 e5 11. O-O d6 12. Kh1 Be7 13. a3 Qc7 14. f4 Nh5
15. Qf3 Nxf4 16. g3 Ne6 17. Qxf7+ Kd8 18. Bc4 Rf8 19. Qh5 h6 20. Rxf8+ Bxf8 21.
Qg6 Nd4 22. Rf1 Qe7 23. Na4 Be6 24. Bxe6 Nxe6 25. Bb6+ Kc8 26. Rf7 Qe8 27. Rxf8
Qxf8 28. Qxe6+ Kb8 29. Kg2 1-0

[Event "BPB Limburg open"]
[Site "Maastricht"]
[Date "2015.05.25"]
[Round "6"]
[White "Blom, Vincent"]
[Black "Van Veen, Oscar"]
[Result "1-0"]
[WhiteElo "2243"]
[BlackElo "2265"]
[PlyCount "121"]
[EventDate "2015.05.22"]
[EventType "swiss"]
[EventRounds "7"]
[EventCountry "NED"]
[Source "P.Boonen"]
[SourceDate "2015.10.01"]

1. e4 e5 2. Nf3 Nc6 3. Bb5 a6 4. Ba4 Nf6 5. O-O Be7 6. Re1 b5 7. Bb3 d6 8. c3
O-O 9. h3 Re8 10. d3 Na5 11. Bc2 c5 12. Nbd2 Nc6 13. Nf1 h6 14. Ne3 Be6 15. d4
cxd4 16. cxd4 Nxd4 17. Nxd4 exd4 18. Qxd4 Bf8 19. Bd2 d5 20. e5 Ne4 21. Bb4
Bxb4 22. Qxb4 Qh4 23. Re2 Qh5 24. Rae1 Qxe5 25. Nxd5 Qxd5 26. Bxe4 Qc4 27. Qxc4
Bxc4 28. Bxa8 Rxe2 29. Rxe2 Bxe2 30. b4 Bc4 31. a3 Be6 32. f4 Kf8 33. Kf2 Ke7
34. Ke3 Kd6 35. Ke4 Bc8 36. h4 f6 37. Kd4 g5 38. g3 Bd7 39. Bb7 Be8 40. Bxa6
Bd7 41. Bb7 Be8 42. Bc8 Bc6 43. Bf5 Be8 44. Bd3 Bd7 45. Bg6 Bc6 46. Bf7 Bd7 47.
Ke4 Ke7 48. Bg8 Kd6 49. Bb3 gxh4 50. gxh4 Ke7 51. Bd1 Kd6 52. Bb3 Ke7 53. Bc2
Kd8 54. Bd1 Bc8 55. a4 bxa4 56. Bxa4 Be6 57. Kd4 Bf7 58. Bb5 Be6 59. Bc4 Bd7
60. b5 Bc8 61. Bd5 1-0

[Event "BPB Limburg open"]
[Site "Maastricht"]
[Date "2015.05.25"]
[Round "6"]
[White "Bok, Benjamin"]
[Black "Johannessen, Leif Erlend"]
[Result "1-0"]
[WhiteElo "2554"]
[BlackElo "2515"]
[PlyCount "85"]
[EventDate "2015.05.22"]
[EventType "swiss"]
[EventRounds "7"]
[EventCountry "NED"]
[Source "P.Boonen"]
[SourceDate "2015.10.01"]

1. e4 e6 2. d4 d5 3. Nd2 c5 4. exd5 exd5 5. Ngf3 Nc6 6. Bb5 Bd6 7. dxc5 Bxc5 8.
O-O Nge7 9. Nb3 Bd6 10. Re1 O-O 11. Bd3 Nb4 12. Bg5 Nxd3 13. Qxd3 f6 14. Bh4
Bf5 15. Qd2 Rc8 16. Nfd4 Bd7 17. Bg3 Bxg3 18. hxg3 Ng6 19. c3 Kh8 20. Nf3 Bg4
21. Nh2 Bf5 22. g4 Bd7 23. Qxd5 Ne5 24. Rad1 Qc7 25. Qd6 Ba4 26. Qxc7 Rxc7 27.
Rd2 h6 28. f3 Rfc8 29. Nf1 Be8 30. Nd4 b5 31. Ne3 a5 32. Ndf5 b4 33. cxb4 axb4
34. Nd6 Rc1 35. Nxc8 Rxe1+ 36. Kf2 Rxe3 37. Kxe3 Nc4+ 38. Ke2 Nxd2 39. Kxd2 h5
40. Nd6 Bg6 41. gxh5 Bxh5 42. a4 bxa3 43. bxa3 1-0

[Event "BPB Limburg open"]
[Site "Maastricht"]
[Date "2015.05.25"]
[Round "6"]
[White "Boons, Patrick"]
[Black "Zimmermann, Luc"]
[Result "1/2-1/2"]
[WhiteElo "2024"]
[BlackElo "2113"]
[PlyCount "58"]
[EventDate "2015.05.22"]
[EventType "swiss"]
[EventRounds "7"]
[EventCountry "NED"]
[Source "P.Boonen"]
[SourceDate "2015.10.01"]

1. e4 c5 2. Nc3 d6 3. g3 Nc6 4. Bg2 g6 5. d3 Bg7 6. f4 e6 7. Nf3 Nge7 8. O-O
O-O 9. g4 f5 10. gxf5 exf5 11. Ne2 Kh8 12. c3 Qb6 13. Kh1 Be6 14. Qc2 c4 15.
Ng5 Bg8 16. Ng3 Rad8 17. exf5 Nxf5 18. Nxf5 Rxf5 19. d4 Re8 20. Qf2 Rff8 21.
Be3 Qb5 22. Rae1 Ne7 23. Bc1 Nf5 24. Rxe8 Rxe8 25. Re1 h6 26. Nf3 Bd5 27. Kg1
Kh7 28. Rxe8 Qxe8 29. Ng5+ hxg5 1/2-1/2

[Event "BPB Limburg open"]
[Site "Maastricht"]
[Date "2015.05.25"]
[Round "6"]
[White "Braun, Christian1"]
[Black "Volkov, Mykyta"]
[Result "1-0"]
[WhiteElo "2424"]
[BlackElo "2126"]
[PlyCount "127"]
[EventDate "2015.05.22"]
[EventType "swiss"]
[EventRounds "7"]
[EventCountry "NED"]
[Source "P.Boonen"]
[SourceDate "2015.10.01"]

1. e4 e6 2. d3 d5 3. Nd2 Nf6 4. Ngf3 Nc6 5. c3 e5 6. Be2 a5 7. a4 Be7 8. O-O
O-O 9. exd5 Qxd5 10. Nc4 h6 11. Re1 Re8 12. Ne3 Qd8 13. Nd2 Be6 14. Ne4 Qd7 15.
Bf3 Rad8 16. Nxf6+ Bxf6 17. Be4 Bg5 18. Nc4 Bf6 19. Qf3 Bd5 20. Ne3 Bxe4 21.
dxe4 Bg5 22. Rd1 Qc8 23. Nd5 Bxc1 24. Raxc1 Ne7 25. Qh3 Qxh3 26. Nxe7+ Kf8 27.
Ng6+ fxg6 28. gxh3 c6 29. h4 Ke7 30. Kg2 Rf8 31. Kg3 Ke6 32. f3 b5 33. axb5
cxb5 34. Kf2 a4 35. Ke3 Rxd1 36. Rxd1 Rb8 37. Rg1 Kf6 38. Ra1 g5 39. hxg5+ Kxg5
40. Ra3 Rc8 41. Ra1 Rb8 42. Rd1 b4 43. Rd5 bxc3 44. Rxe5+ Kh4 45. bxc3 Ra8 46.
Rd5 a3 47. Rd1 a2 48. Ra1 Kh3 49. e5 Kxh2 50. Kf4 h5 51. e6 h4 52. e7 Re8 53.
Rxa2+ Kg1 54. Ra7 Kg2 55. Ra2+ Kg1 56. Kg4 Rxe7 57. Kxh4 Rc7 58. Rc2 Kf1 59. f4
Ke1 60. f5 Kd1 61. Rg2 Rc4+ 62. Kh5 Rc5 63. Kg6 Ke1 64. Ra2 1-0

[Event "BPB Limburg open"]
[Site "Maastricht"]
[Date "2015.05.25"]
[Round "6"]
[White "Broekmeulen, Jasper"]
[Black "Commercon, Simon"]
[Result "1-0"]
[WhiteElo "2394"]
[BlackElo "2216"]
[PlyCount "117"]
[EventDate "2015.05.22"]
[EventType "swiss"]
[EventRounds "7"]
[EventCountry "NED"]
[Source "P.Boonen"]
[SourceDate "2015.10.01"]

1. c4 Nf6 2. Nc3 g6 3. g3 Bg7 4. Bg2 O-O 5. e4 d6 6. Nge2 e5 7. O-O Nc6 8. d3
Nd4 9. Nxd4 exd4 10. Ne2 Nd7 11. h3 Rb8 12. a4 a5 13. b3 c6 14. Ba3 Qc7 15. Qd2
Re8 16. g4 b6 17. Bb2 c5 18. Ng3 Nf8 19. f4 Qe7 20. Rae1 Qh4 21. Qf2 h5 22.
gxh5 Bxh3 23. hxg6 fxg6 24. Bxh3 Qxh3 25. Bc1 Rb7 26. Qg2 Qxg2+ 27. Kxg2 Bf6
28. Rh1 Ree7 29. Kf3 Rh7 30. Reg1 Rxh1 31. Rxh1 Rf7 32. Kg4 Nd7 33. Kf3 Bg5 34.
Ne2 Be7 35. Kg3 Nf6 36. f5 gxf5 37. exf5 Nd7 38. Kf4 Rg7 39. Rg1 Rxg1 40. Nxg1
Bf8 41. Ke4 Nf6+ 42. Kf3 Kf7 43. Nh3 d5 44. Ng5+ Ke8 45. Ne6 dxc4 46. bxc4 Bd6
47. Bg5 Nd7 48. Ke4 Be7 49. Bf4 Nf6+ 50. Kf3 Kd7 51. Be5 Ng8 52. Ke4 Nh6 53.
Bc7 Kc6 54. Bf4 Nf7 55. Be5 Bh4 56. f6 Nh6 57. Nd8+ Kd7 58. f7 Ke7 59. Bd6+ 1-0

[Event "BPB Limburg open"]
[Site "Maastricht"]
[Date "2015.05.25"]
[Round "6"]
[White "Burg, Twan"]
[Black "Roos, Adrian"]
[Result "1/2-1/2"]
[WhiteElo "2507"]
[BlackElo "2229"]
[PlyCount "113"]
[EventDate "2015.05.22"]
[EventType "swiss"]
[EventRounds "7"]
[EventCountry "NED"]
[Source "P.Boonen"]
[SourceDate "2015.10.01"]

1. e4 c5 2. Nf3 d6 3. d4 cxd4 4. Nxd4 Nf6 5. f3 e5 6. Nb3 a5 7. Bb5+ Nc6 8. Nc3
Be7 9. Be3 O-O 10. O-O Na7 11. Be2 Bd7 12. a4 Nc8 13. Qd2 Nb6 14. Nb5 Nc8 15.
Rfd1 h6 16. Qe1 b6 17. Nd2 d5 18. exd5 Nxd5 19. Bf2 Nc7 20. Ne4 Nxb5 21. Bxb5
Ra7 22. Rd5 Qe8 23. Rxe5 Bxb5 24. axb5 Qd8 25. Rd1 Rd7 26. Rxd7 Qxd7 27. Nc3
Bb4 28. Qd1 Qc7 29. Re3 Bc5 30. Re2 Rd8 31. Rd2 Bxf2+ 32. Kxf2 Rxd2+ 33. Qxd2
Nd6 34. Qd4 Nf5 35. Qd5 Ne7 36. Qa8+ Kh7 37. Qe4+ g6 38. Na4 Qd6 39. Qd3 Qc7
40. c4 Nf5 41. g3 h5 42. Kg2 Qe5 43. Nxb6 Qe1 44. Nd5 h4 45. g4 Ng3 46. b6 Ne2
47. b7 Qg1+ 48. Kh3 Qf2 49. Qxe2 Qxe2 50. b8=Q g5 51. Nf6+ Kg6 52. Qg8+ Kxf6
53. Qd8+ Kg6 54. Qg8+ Kf6 55. Qd8+ Kg6 56. Qg8+ Kf6 57. Qd8+ 1/2-1/2

[Event "BPB Limburg open"]
[Site "Maastricht"]
[Date "2015.05.25"]
[Round "6"]
[White "Clemens, Adrian HP"]
[Black "Gutkind, Kedem"]
[Result "0-1"]
[WhiteElo "2172"]
[BlackElo "2005"]
[PlyCount "86"]
[EventDate "2015.05.22"]
[EventType "swiss"]
[EventRounds "7"]
[EventCountry "NED"]
[Source "P.Boonen"]
[SourceDate "2015.10.01"]

1. d4 Nf6 2. c4 g6 3. Nc3 Bg7 4. e4 d6 5. f3 Nfd7 6. Be3 O-O 7. Nh3 c5 8. d5
Qa5 9. Bd2 a6 10. Nf2 e6 11. Be2 exd5 12. cxd5 Qc7 13. a4 f5 14. exf5 gxf5 15.
O-O Ne5 16. f4 Ng6 17. Qc2 Nd7 18. g3 Nf6 19. Bd3 Ne7 20. Bc4 b6 21. Rfe1 Re8
22. Re2 Bd7 23. Rae1 Kf8 24. Qd3 Qb7 25. h3 h6 26. Kh2 Qc8 27. b3 Ra7 28. Bc1
Qa8 29. Bb2 Bc8 30. Ncd1 Bd7 31. g4 Qb7 32. g5 hxg5 33. fxg5 Nh5 34. Bxg7+ Nxg7
35. Nc3 Ng6 36. Qg3 f4 37. Rxe8+ Bxe8 38. Qd3 Ne5 39. Rxe5 dxe5 40. Nce4 b5 41.
axb5 axb5 42. Nd6 bxc4 43. Qh7 Qxd5 0-1

[Event "BPB Limburg open"]
[Site "Maastricht"]
[Date "2015.05.25"]
[Round "6"]
[White "Coenen, Eduard"]
[Black "Stiefel, Roland"]
[Result "1-0"]
[WhiteElo "2129"]
[BlackElo "2019"]
[PlyCount "85"]
[EventDate "2015.05.22"]
[EventType "swiss"]
[EventRounds "7"]
[EventCountry "NED"]
[Source "P.Boonen"]
[SourceDate "2015.10.01"]

1. d4 c5 2. d5 d6 3. e4 g6 4. f4 Bg7 5. Nf3 a6 6. a4 b6 7. Bc4 Nf6 8. Nc3 O-O
9. O-O Ne8 10. e5 Nc7 11. Ra3 Bg4 12. e6 fxe6 13. h3 Bxf3 14. Rxf3 e5 15. Ne4
Nd7 16. Ng5 exf4 17. Bxf4 Bxb2 18. Rab3 Bd4+ 19. Be3 Rxf3 20. Nxf3 Bf6 21. Qe2
Qf8 22. g4 Qf7 23. Rb1 Rb8 24. Rf1 b5 25. Ng5 Qe8 26. axb5 axb5 27. Bd3 Ne5 28.
Ne6 Nxd5 29. Bh6 Qd7 30. Nf8 Qa7 31. Be4 Nc3 32. Qd2 Nxe4 33. Qd5+ Kh8 34. Qxe4
Qa8 35. Qf4 Nf7 36. Ne6 Nxh6 37. Qxh6 Rg8 38. g5 Bg7 39. Qh4 Qa4 40. Rf4 Qa1+
41. Kg2 Qe5 42. Qxh7+ Kxh7 43. Rh4+ 1-0

[Event "BPB Limburg open"]
[Site "Maastricht"]
[Date "2015.05.25"]
[Round "6"]
[White "Coenen, Siegfried"]
[Black "Doggers, Peter"]
[Result "0-1"]
[WhiteElo "2054"]
[BlackElo "2253"]
[PlyCount "68"]
[EventDate "2015.05.22"]
[EventType "swiss"]
[EventRounds "7"]
[EventCountry "NED"]
[Source "P.Boonen"]
[SourceDate "2015.10.01"]

1. e4 e5 2. Nc3 Nf6 3. f4 d5 4. fxe5 Nxe4 5. d3 Nxc3 6. bxc3 c5 7. Be2 Nc6 8.
Nf3 Be7 9. O-O O-O 10. Qe1 f6 11. d4 fxe5 12. dxe5 Bf5 13. Qg3 Bxc2 14. h4 Kh8
15. Rf2 Qd7 16. Bf4 Rae8 17. h5 h6 18. Bb5 Bf5 19. Raf1 a6 20. Bxc6 Qxc6 21. e6
Qxe6 22. Be5 Rg8 23. Nh2 Be4 24. Ng4 Bg5 25. Bd6 Bh4 26. Qxh4 Qxd6 27. Rf7 d4
28. cxd4 cxd4 29. R1f4 d3 30. Nf2 Bd5 31. R7f5 d2 32. Nd1 Re1+ 33. Rf1 Rxf1+
34. Kxf1 Re8 0-1

[Event "BPB Limburg open"]
[Site "Maastricht"]
[Date "2015.05.25"]
[Round "6"]
[White "Dalemans, Diana"]
[Black "Nauts, Patrick"]
[Result "1-0"]
[WhiteElo "2012"]
[BlackElo "2022"]
[PlyCount "81"]
[EventDate "2015.05.22"]
[EventType "swiss"]
[EventRounds "7"]
[EventCountry "NED"]
[Source "P.Boonen"]
[SourceDate "2015.10.01"]

1. e4 Nf6 2. e5 Nd5 3. d4 d6 4. c4 Nb6 5. Nf3 Bg4 6. exd6 cxd6 7. Be2 e6 8. O-O
Be7 9. Nc3 O-O 10. b3 Nc6 11. Bb2 d5 12. c5 Nc8 13. Rc1 Bf6 14. Nb1 N8e7 15.
Nbd2 Bf5 16. a3 Ng6 17. g3 b6 18. b4 bxc5 19. Rxc5 Qb6 20. Qa4 Nce7 21. Rfc1
Qd6 22. Qa6 Qxa6 23. Bxa6 Rfd8 24. Rc7 Nf8 25. a4 g5 26. Ne5 g4 27. f4 gxf3 28.
Ndxf3 Be4 29. g4 Bxf3 30. Nxf3 Neg6 31. Bb5 Nf4 32. R1c2 a6 33. Bc6 Rab8 34. b5
axb5 35. axb5 Rdc8 36. b6 Bd8 37. Rxc8 Rxc8 38. b7 Rb8 39. Ba3 Bc7 40. Bc5 N4g6
41. Ra2 1-0

[Event "BPB Limburg open"]
[Site "Maastricht"]
[Date "2015.05.25"]
[Round "6"]
[White "Dambacher, Martijn"]
[Black "Shkapenko, Pavel"]
[Result "1/2-1/2"]
[WhiteElo "2483"]
[BlackElo "2422"]
[PlyCount "77"]
[EventDate "2015.05.22"]
[EventType "swiss"]
[EventRounds "7"]
[EventCountry "NED"]
[Source "P.Boonen"]
[SourceDate "2015.10.01"]

1. d4 Nf6 2. c4 e6 3. Nf3 Bb4+ 4. Nbd2 O-O 5. a3 Be7 6. e4 d6 7. Bd3 c5 8. d5
a6 9. h3 Nbd7 10. Qc2 Re8 11. dxe6 fxe6 12. e5 dxe5 13. b3 e4 14. Nxe4 Nxe4 15.
Bxe4 Nf6 16. Bb2 Nxe4 17. Qxe4 Qa5+ 18. Ke2 Qb6 19. Rhd1 e5 20. Kf1 Qg6 21.
Qxg6 hxg6 22. Nxe5 Bf5 23. g4 Bc2 24. Rd7 Bf6 25. Rc1 Be4 26. f4 Rad8 27. Rxd8
Rxd8 28. Ke2 g5 29. Ke3 Bg2 30. Rg1 Bxh3 31. f5 b5 32. Nd3 bxc4 33. bxc4 Bxb2
34. Nxb2 Rd4 35. Nd3 Bxg4 36. Nxc5 Rxc4 37. Nxa6 Bxf5 38. Rxg5 Bc8 39. Ra5
1/2-1/2

[Event "BPB Limburg open"]
[Site "Maastricht"]
[Date "2015.05.25"]
[Round "6"]
[White "De Jong, Jan Willem"]
[Black "Ernst, Sipke"]
[Result "0-1"]
[WhiteElo "2457"]
[BlackElo "2523"]
[PlyCount "70"]
[EventDate "2015.05.22"]
[EventType "swiss"]
[EventRounds "7"]
[EventCountry "NED"]
[Source "P.Boonen"]
[SourceDate "2015.10.01"]

1. d4 d6 2. e4 Nf6 3. Nc3 e5 4. dxe5 dxe5 5. Qxd8+ Kxd8 6. Bg5 Be6 7. O-O-O+
Nbd7 8. g3 Bb4 9. Nd5 Bd6 10. Nxf6 gxf6 11. Be3 Ke7 12. Ne2 Bg4 13. Rd2 Bf3 14.
Rg1 Bxe4 15. Nc3 Bc6 16. Bh3 Nb6 17. Bxb6 axb6 18. a3 Ra5 19. Bg2 Rd8 20. Nd5+
Bxd5 21. Rxd5 Rxd5 22. Bxd5 Bc5 23. Rd1 Bxf2 24. c3 Bg1 25. h3 f5 26. g4 c6 27.
Bc4 Be3+ 28. Kc2 Rxd1 29. Kxd1 fxg4 30. hxg4 h5 31. gxh5 f5 32. Bf1 Kf6 33. a4
e4 34. Bh3 Bg5 35. b4 f4 0-1

[Event "BPB Limburg open"]
[Site "Maastricht"]
[Date "2015.05.25"]
[Round "6"]
[White "Decoster, Frederic"]
[Black "L'Ami, Erwin"]
[Result "1/2-1/2"]
[WhiteElo "2303"]
[BlackElo "2635"]
[PlyCount "134"]
[EventDate "2015.05.22"]
[EventType "swiss"]
[EventRounds "7"]
[EventCountry "NED"]
[Source "P.Boonen"]
[SourceDate "2015.10.01"]

1. e4 e5 2. Nf3 Nc6 3. Bb5 Nf6 4. d3 Bc5 5. Bxc6 dxc6 6. h3 Be6 7. O-O Nd7 8.
Be3 Be7 9. Nbd2 O-O 10. Nc4 Bf6 11. b3 Re8 12. Qd2 b6 13. Rad1 a5 14. a4 Qc8
15. Qc3 c5 16. Ng5 Bxg5 17. Bxg5 Bxc4 18. Qxc4 Nf8 19. Be3 Ne6 20. f4 exf4 21.
Bxf4 Qd7 22. Rf2 c6 23. Rdf1 Re7 24. Be3 Rd8 25. Qc3 Qd6 26. Bf4 Qd4 27. Be5
Qxc3 28. Bxc3 Ra7 29. Ra1 Rda8 30. Kf1 Kf8 31. Ke2 Ke8 32. Kd2 Rd8 33. Ke3 Re7
34. Raf1 Rdd7 35. Rf5 Kd8 36. R5f2 Kc8 37. Kd2 Kb7 38. Ke3 f6 39. Rf5 Ka6 40.
Ra1 Ng5 41. Raf1 Re8 42. R5f4 h6 43. Ra1 Rde7 44. Kd2 Nf7 45. Kc1 Nd6 46. Kb2
Kb7 47. g4 Rh8 48. Rg1 Ka6 49. Rff1 Nf7 50. h4 Kb7 51. Rf5 Ra8 52. Bd2 Nd6 53.
Rff1 Re6 54. Bf4 Nf7 55. Be3 Nd6 56. Bf4 Nf7 57. Be3 Nh8 58. Rf4 Ng6 59. Rf5
Rh8 60. Bd2 Kc7 61. h5 Ne7 62. Rf2 Kd7 63. Bc3 Nc8 64. Bd2 Nd6 65. Bf4 Nf7 66.
Rff1 Ra8 67. Rf2 Ke7 1/2-1/2

[Event "BPB Limburg open"]
[Site "Maastricht"]
[Date "2015.05.25"]
[Round "6"]
[White "Dragun, Kamil"]
[Black "Bus, Tom"]
[Result "1-0"]
[WhiteElo "2580"]
[BlackElo "2111"]
[PlyCount "68"]
[EventDate "2015.05.22"]
[EventType "swiss"]
[EventRounds "7"]
[EventCountry "NED"]
[Source "P.Boonen"]
[SourceDate "2015.10.01"]

1. c4 e5 2. g3 Nc6 3. Bg2 Nf6 4. Nc3 Bc5 5. e3 d6 6. Nge2 a6 7. a3 Ba7 8. b4
O-O 9. d3 Re8 10. Bb2 h6 11. Rc1 Be6 12. O-O d5 13. cxd5 Nxd5 14. Ne4 Nxe3 15.
fxe3 Bxe3+ 16. Nf2 Bxc1 17. Qxc1 Bd5 18. Ne4 Rb8 19. Qe3 b6 20. N2c3 Bxe4 21.
Bxe4 Qd4 22. Nd1 Qxe3+ 23. Nxe3 Nd4 24. Bd5 Re7 25. Bxd4 exd4 26. Nf5 Re5 27.
Bb3 Rd8 28. Rf4 c5 29. bxc5 bxc5 30. Bc4 Kf8 31. Nh4 g5 32. Rxf7+ Ke8 33. Nf5
Rd7 34. Rf6 Rb7 1-0

[Event "BPB Limburg open"]
[Site "Maastricht"]
[Date "2015.05.25"]
[Round "6"]
[White "Driessens, Patrick"]
[Black "Keetman, Maaike"]
[Result "1-0"]
[WhiteElo "2278"]
[BlackElo "2194"]
[PlyCount "83"]
[EventDate "2015.05.22"]
[EventType "swiss"]
[EventRounds "7"]
[EventCountry "NED"]
[Source "P.Boonen"]
[SourceDate "2015.10.01"]

1. Nf3 Nf6 2. c4 g6 3. Nc3 Bg7 4. g3 O-O 5. Bg2 d6 6. O-O Nc6 7. Rb1 e5 8. b4
Nd7 9. d3 f5 10. Bg5 Bf6 11. Bxf6 Nxf6 12. e3 Bd7 13. b5 Ne7 14. c5 e4 15. cxd6
cxd6 16. dxe4 fxe4 17. Nd4 d5 18. Qb3 Kh8 19. h3 Qe8 20. f4 Qf7 21. Rbc1 Nf5
22. Nce2 Rac8 23. Qa3 Qe7 24. Qb3 Qf7 25. Kf2 Nd6 26. Rxc8 Rxc8 27. Rc1 Rxc1
28. Nxc1 Qe8 29. g4 Qc8 30. Nce2 Qc5 31. Nc3 Nc4 32. Bf1 Bxg4 33. Nxd5 Nd2 34.
Qb2 Nxd5 35. Qxd2 Bd7 36. Nb3 Qd6 37. Bc4 Be6 38. Qd4+ Kg8 39. Nc5 Bf7 40. Nxe4
Qd8 41. Bxd5 Bxd5 42. Qxd5+ 1-0

[Event "BPB Limburg open"]
[Site "Maastricht"]
[Date "2015.05.25"]
[Round "6"]
[White "Drose, Daniela"]
[Black "Boons, Bert"]
[Result "1/2-1/2"]
[WhiteElo "1977"]
[BlackElo "2000"]
[PlyCount "57"]
[EventDate "2015.05.22"]
[EventType "swiss"]
[EventRounds "7"]
[EventCountry "NED"]
[Source "P.Boonen"]
[SourceDate "2015.10.01"]

1. e4 d6 2. d4 Nf6 3. Bd3 e5 4. c3 Nbd7 5. Nf3 h6 6. Nbd2 Be7 7. O-O c6 8. Re1
g5 9. dxe5 dxe5 10. Nc4 Qc7 11. Bc2 Nh7 12. Ne3 Ndf6 13. Nf5 Bxf5 14. exf5 Nd7
15. Qe2 Bf6 16. Be3 O-O 17. Rad1 Rfe8 18. Nd2 Bg7 19. h4 Ndf6 20. hxg5 Nxg5 21.
Bxg5 hxg5 22. Ne4 Nxe4 23. Bxe4 Bf6 24. Rd3 Kg7 25. Red1 Rad8 26. g3 Rxd3 27.
Rxd3 Rd8 28. Kg2 Qa5 29. a3 1/2-1/2

[Event "BPB Limburg open"]
[Site "Maastricht"]
[Date "2015.05.25"]
[Round "6"]
[White "Fedorchuk, Sergey A"]
[Black "Geurink, Jasper"]
[Result "1-0"]
[WhiteElo "2657"]
[BlackElo "2354"]
[PlyCount "113"]
[EventDate "2015.05.22"]
[EventType "swiss"]
[EventRounds "7"]
[EventCountry "NED"]
[Source "P.Boonen"]
[SourceDate "2015.10.01"]

1. e4 e6 2. d4 d5 3. Nd2 Nf6 4. e5 Nfd7 5. Ngf3 c5 6. c3 Nc6 7. Bd3 g6 8. Bc2
b6 9. h4 h6 10. Nf1 a5 11. Ne3 cxd4 12. cxd4 Ba6 13. a3 Rc8 14. Bd2 Ne7 15. h5
g5 16. Bc3 Bg7 17. Rc1 f5 18. exf6 Nxf6 19. Ba4+ b5 20. Bc2 O-O 21. Bd3 Nf5 22.
Nxf5 exf5 23. Bxf5 Rb8 24. b4 Bc8 25. Bg6 Bg4 26. Qd3 Ne4 27. O-O Bxf3 28. gxf3
Nxc3 29. Rxc3 axb4 30. axb4 Qf6 31. Rc5 Rbd8 32. Kg2 Qxd4 33. Rxb5 Qxd3 34.
Bxd3 Rb8 35. Rxb8 Rxb8 36. b5 Rb6 37. Re1 Kf8 38. Bg6 Bc3 39. Re3 d4 40. Re8+
Kg7 41. Bd3 Rd6 42. f4 gxf4 43. Kf3 Kf7 44. Ra8 Ke6 45. Ra6 Bb4 46. Kxf4 Kd5
47. Kf5 Be1 48. f4 Bd2 49. Ra2 Bc3 50. Re2 Kc5 51. Re5+ Kb4 52. Re6 Rd5+ 53.
Ke4 Rd8 54. f5 Bd2 55. f6 Bg5 56. b6 Rd7 57. Rc6 1-0

[Event "BPB Limburg open"]
[Site "Maastricht"]
[Date "2015.05.25"]
[Round "6"]
[White "Fuchs, Judith"]
[Black "Nachbar, Benjamin"]
[Result "1-0"]
[WhiteElo "2273"]
[BlackElo "2173"]
[PlyCount "33"]
[EventDate "2015.05.22"]
[EventType "swiss"]
[EventRounds "7"]
[EventCountry "NED"]
[Source "P.Boonen"]
[SourceDate "2015.10.01"]

1. e4 c6 2. d4 d5 3. exd5 cxd5 4. c4 Nf6 5. Nc3 Nc6 6. Bg5 dxc4 7. Bxc4 Nxd4 8.
Nge2 Ne6 9. Qxd8+ Kxd8 10. O-O-O+ Ke8 11. Bxf6 exf6 12. Bb5+ Ke7 13. Ng3 g6 14.
Nd5+ Kd6 15. Ne4+ Ke5 16. Rhe1 Nf4 17. Ng3+ 1-0

[Event "BPB Limburg open"]
[Site "Maastricht"]
[Date "2015.05.25"]
[Round "6"]
[White "Gerlagh, Joris"]
[Black "Hulshof, Peter"]
[Result "1/2-1/2"]
[WhiteElo "2163"]
[BlackElo "2154"]
[PlyCount "47"]
[EventDate "2015.05.22"]
[EventType "swiss"]
[EventRounds "7"]
[EventCountry "NED"]
[Source "P.Boonen"]
[SourceDate "2015.10.01"]

1. d4 g6 2. c4 Bg7 3. Nf3 d6 4. g3 Nf6 5. Bg2 O-O 6. O-O Nbd7 7. Nc3 e5 8. e4
h6 9. h3 Nh7 10. Be3 Ng5 11. Nxg5 hxg5 12. Qd2 exd4 13. Bxd4 Ne5 14. b3 c5 15.
Bxe5 dxe5 16. Qxd8 Rxd8 17. Rad1 Be6 18. Kh2 Kf8 19. Bf3 Ke7 20. Nd5+ Bxd5 21.
Rxd5 Rxd5 22. cxd5 Kd6 23. Be2 Bf6 24. Kg2 1/2-1/2

[Event "BPB Limburg open"]
[Site "Maastricht"]
[Date "2015.05.25"]
[Round "6"]
[White "Goossens, Hanne"]
[Black "De Mey, Juan Pablo"]
[Result "1-0"]
[WhiteElo "2215"]
[BlackElo "1969"]
[PlyCount "85"]
[EventDate "2015.05.22"]
[EventType "swiss"]
[EventRounds "7"]
[EventCountry "NED"]
[Source "P.Boonen"]
[SourceDate "2015.10.01"]

1. e4 c5 2. Nf3 d6 3. d4 cxd4 4. Nxd4 Nf6 5. Nc3 g6 6. Be3 Bg7 7. Bc4 O-O 8. h3
Nc6 9. Bb3 Nxd4 10. Bxd4 Be6 11. O-O Qa5 12. f4 Rac8 13. Qd3 Qb4 14. Rad1 Bc4
15. Bxc4 Qxc4 16. Bxa7 Qb4 17. Bd4 Rfd8 18. a3 Qa5 19. f5 b5 20. fxg6 hxg6 21.
Nxb5 Nxe4 22. Bxg7 Kxg7 23. Qxe4 Qxb5 24. Qxe7 Rf8 25. Qf6+ Kg8 26. Rf2 d5 27.
c3 Rc4 28. Qe5 Re4 29. Qxd5 Re1+ 30. Kh2 Qb8+ 31. g3 Re3 32. Qd6 Qb3 33. Rdf1
Rfe8 34. Qb4 Qe6 35. Qg4 Qb3 36. a4 R3e4 37. Qd7 R8e7 38. Qb5 Qe6 39. a5 f5 40.
Qb6 Qf7 41. b4 Re2 42. a6 f4 43. Qb8+ 1-0